Oslavy 20. výročia Slovenskej cirkevnej provincie

Bibliographic Details
Main Author: Rakovský, Boris, 1963- (Author)
Format: Article
Language:Slovak
PhysicalDescription:Obr.
ISSN:0139-8512
Subjects:

MARC

LEADER 00000nab a2200000 a 4500
001 vtls000647824
003 SK-MaSNL
005 20260426062646.0
008 180206c1998 xo 0 slo
015 |a SNBRA1998/01-00007 
035 |a CLN000000020 
040 |a SNKBUCL  |b slo  |c SNKBUCL  |e AACR2 
041 0 |a slo 
044 |a xo  |c SK 
080 |a 282  |2 UDC-MRF-SK2 
080 |a 291.65  |2 UDC-MRF-SK2 
100 1 |a Rakovský, Boris,  |d 1963-  |4 aut  |9 12259 
245 1 0 |a Oslavy 20. výročia Slovenskej cirkevnej provincie  |c Boris Rakovský 
300 |b Obr. 
610 7 |a Slovenská cirkevná provincia  |2 snkbucl  |9 452157 
651 7 |a Bratislava (Slovensko)  |2 snkbucl  |9 14568 
655 7 |a články z novín a časopisov  |2 snkbucl  |9 267496 
773 0 |x 0139-8512  |t Katolícke noviny  |g Roč. 113, č. 2 (1998), s. 1 
850 |a Slovenská národná knižnica v Martine 
852 |a SNK  |b KIS3GCP 
958 |a RBX 
999 |c 2548092  |d 2550022